Pohjois-Pohjanmaan naapurikunnat - Statistics

Yleistilastot
  • Tätä visaa on pelattu 15 kertaa
  • Keskiarvotulos 12 / 17
Vastaustilastot
Kunta % Oikein
Simo
93%
Kokkola
86%
Ranua
86%
Kannus
79%
Posio
79%
Kinnula
71%
Kiuruvesi
71%
Vieremä
71%
Kajaani
64%
Lestijärvi
64%
Pihtipudas
64%
Puolanka
64%
Salla
57%
Suomussalmi
57%
Toholampi
57%
Paltamo
50%
Pielavesi
43%
Ehtoja vastaavia visoja ei löytynyt
Tulosjakauma
Jokaisen tuloksen saaneiden osuus
Persentiili vastausten määrän mukaan
Tuloshistoriasi
Et ole pelannut tätä visaa